000 02004cam a2200169 4500500
005 20260201103523.0
041 _afre
042 _adc
100 1 0 _aLaberge, Yves
_eauthor
245 0 0 _aMarianne AMAR, Marie POINSOT et Catherine WITHOL DE WENDEN (dir.), À chacun ses étrangers ? France-Allemagne de 1871 à aujourd’hui, Arles, Actes Sud et Cité nationale de l’histoire de l’immigration, 2009, 215 p.
260 _c2011.
500 _a16
520 _aRésuméDans cet article, nous analysons le passage de l’école à la vie professionnelle des jeunes hommes et des jeunes femmes issus des familles immigrées nord-africaines en nous servant des données statistiques de l’enquête dite « Génération 98 » du CEREQ, enquête qui a été réalisée en 2001 auprès des élèves et étudiants en fin d’études en 1998. Nous nous centrons sur les inégalités hommes-femmes, dans le contexte d’une jeunesse souvent issue des fractions les plus paupérisées du monde ouvrier et, de surcroît, confrontée aux discriminations d’origine raciste. C’est avec cette grille de lecture que nous lirons les inégalités de sexe et les divisions dans l’emploi.
520 _aIn this paper we focus on the transition between school and employment of young men and women with a North African background. Our empirical data is grounded on the French 2001 Cereq survey « Generation 98 ». Our aim is to try to understand the gender relationship on the labour market, once the initial training is over. More precisely, our frame of reference tries to underline the gender inequalities within a social context where second generation youths are very often labelled as children of the most precarious part of the working class and, furthermore, face racial discrimination.
786 0 _nL'Homme & la Société | 176-177 | 2 | 2011-02-01 | p. 267c-283c | 0018-4306
856 4 1 _uhttps://shs.cairn.info/revue-l-homme-et-la-societe-2010-2-page-267c?lang=fr&redirect-ssocas=7080
999 _c1641137
_d1641137